| 000 | 00763nam a22001697a 4500 | ||
|---|---|---|---|
| 999 |
_c63574 _d63574 |
||
| 003 | Ge_BSU | ||
| 005 | 20251103182011.0 | ||
| 008 | 251103s1977 ge ||||| |||| 00| 0 geo d | ||
| 041 | _ageo | ||
| 080 | _a338.43:633.72(479.223) ბ-13 | ||
| 100 |
_aბაბილოძე, კასიანე _925874 |
||
| 245 |
_aაჭარის ასსრ მეჩაიეობის ეკონომიკის ძირითადი პრობლემები / _c კასიანე ბაბილოძე. |
||
| 264 |
_aბათუმი : _bსაბჭ. აჭარა, _c1977. |
||
| 300 |
_a100 გვ. ; _b21 სმ. |
||
| 653 | _aაჭარის მეჩაიეობის ეკონომიკა | ||
| 942 |
_2udc _cᲬᲘᲒᲜᲘ |
||